000 00833nam a2200229Ia 4500
005 20250108124837.0
008 008 250107s9999 xx 000 0 hin d
020 _a978-81-85787-92-3
037 _aTB
040 _aCRL
_bhin
_cCRL
041 _ahin
_2hin
084 _aO152,6x [R3]
084 _qCRL
100 _aजैन, पद्म सेन, ले.
_9160906
245 0 _aशोभा: उपन्यास तथा 2 एकांकी
_cजैन, पद्म सेन, ले.
260 _aनई दिल्ली, भारत
_bहिन्दी बुक सेन्टर
_c2409
300 _a137पृ0
365 _aINR
_b160
650 _aहिन्दी कहानीहिन्दी साहित्य
_9729733
942 _cTB
_hO152,6x [R3]
999 _c1234797
_d1234797